Arkansas Basketball Roster - Statistics

General Stats
  • This quiz has been taken 31 times
  • The average score is 10 of 15
Answer Stats
# Answer % Correct
5 Darius Acuff Jr.
100%
24 Billy Richmond III
83%
21 Dj Wagner
83%
11 Karter Knox
83%
12 Malique Ewin
83%
23 Nick Pringle
83%
7 Trevon Brazile
83%
30 Isaiah Sealy
78%
1 Meleek Thomas
78%
2 Amere Brown
67%
0 Jaden Karuletwa
44%
15 Elmir Dzafic
39%
14 Ayden Kelley
33%
99 Paulo Semedo
33%
35 Karim Rtail
28%
No matching quizzes found
Score Distribution
Percent of People with Each Score
Percentile by Number Answered
Your Score History
You have not taken this quiz